000 00394nam a22001577a 4500
999 _c851
_d851
008 191226b ||||| |||| 00| 0 eng d
082 0 0 _a510.2462
_bR7951
100 _9109
_aRose, W. N.
245 1 0 _aMathematics for engineers, Vol - II
_cby W N Rose
250 _a4th
260 _aLondon
_bChapman & hall
_c1949
300 _axii, 425p.
365 _b7.07
650 0 _aMathematics
942 _cBK